[Event "EWCCC Online Preliminary-C 2020"]
[Site "Online"]
[Date "2020.12.19"]
[Round "2.1"]
[White "Mar, Karmen"]
[Black "Guichard, Pauline"]
[Result "0-1"]
[WhiteElo "2093"]
[BlackElo "2415"]
[Annotator "TA"]
[PlyCount "66"]
[EventDate "2020.12.19"]
[EventType "team-tourn"]
[EventCountry "NET"]
[SourceTitle "playchess.com"]
[Source "ChessBase"]
[SourceQuality "1"]

{[%evp 11,66,13,24,25,22,25,28,14,27,25,24,21,29,26,23,17,43,14,25,0,43,25,21,14,20,12,18,22,34,0,0,0,18,12,22,0,6,0,10,10,4,0,19,14,31,0,135,-10,-12,-23,39,-245,-228,-2094,-2160,-2094,-1872]} 1. e4 e5 2. Nf3 Nc6 3. Bc4 Nf6 4. d3 Bc5 5. c3 d6 6. O-O a6 {6...h6 is the recent fashion.} 7. a4 {C54: Giuoco Piano: 4 c3 Nf6, main lines with 5 d4 and 5 d3.} Ba7 8. Re1 h6 9. Nbd2 {White has an edge.} O-O 10. Nf1 Re8 11. Be3 Be6 12. Bxe6 Rxe6 13. b4 {[#]} d5 $146 ({Predecessor:} 13... Bxe3 14. Nxe3 a5 15. Rb1 axb4 16. cxb4 d5 17. b5 Nd4 18. exd5 Nxd5 19. Nxd5 Qxd5 20. Nxd4 Qxd4 {½-½ (29) Giri,A (2771)-Anand,V (2786) Leuven 2017}) 14. Bxa7 Nxa7 15. Qc2 Nc6 16. Ng3 Qd7 17. b5 axb5 18. axb5 {[%mdl 64] [#] Discovered Attack} Rxa1 19. Rxa1 Ne7 {[%cal Bc6e7,Be7g6,Bg6f4][%mdl 32]} 20. c4 dxc4 21. dxc4 Ng6 22. Nf5 Re8 23. Rd1 Qe6 24. h3 Ra8 25. Ne3 Nf4 26. Nd5 N6xd5 27. exd5 Qf6 28. Qe4 Ra3 (28... Ra2 $11 29. Re1 Qb6) 29. Qxe5 (29. Nxe5 $16 {aiming for Ng4.} Qg5 30. b6) 29... Nxh3+ $1 $40 {[%mdl 128] Black mounts an attack.} 30. Kf1 {Black must now prevent Qxf6.} Qg6 (30... Rxf3 $11 31. Qxf6 Rxf6 32. gxh3 Kf8) 31. Qg3 $2 {[%mdl 8192]} ({Inferior is} 31. gxh3 Rxf3 32. d6 cxd6 $17) (31. Nd4 $14 Ng5 32. Re1 (32. Qxc7 Qh5 $17)) 31... Qc2 $1 $19 {[%csl LRc4,LRd1][%mdl 64] [#] Double Attack} 32. Qxh3 $2 (32. Ne1 Qxc4+ {[%mdl 64] Double Attack} 33. Nd3) 32... Qxd1+ 33. Ne1 Rxh3 {Weighted Error Value: White=0.61/Black=0.19} 0-1

[Event "EWCCC Online Preliminary-C 2020"]
[Site "Online"]
[Date "2020.12.19"]
[Round "2.1"]
[White "Nicoara, Malina"]
[Black "Heric, Meta"]
[Result "1/2-1/2"]
[WhiteElo "2066"]
[BlackElo "1318"]
[Annotator "NA"]
[PlyCount "93"]
[EventDate "2020.12.19"]
[EventType "team-tourn"]
[EventCountry "NET"]
[SourceTitle "playchess.com"]
[Source "ChessBase"]
[SourceQuality "1"]
[TimeControl "900+5"]

1. d4 {[%emt 0:00:00]} d5 {[%emt 0:00:04]} 2. c4 {[%emt 0:00:03]} e6 {[%emt 0:00:04]} 3. Nc3 {[%emt 0:00:03]} Nf6 {[%emt 0:00:04]} 4. cxd5 {[%emt 0:00:02]} exd5 {[%emt 0:00:06]} 5. Bg5 {[%emt 0:00:03]} Be7 {[%emt 0:00:06]} 6. e3 {[%emt 0:00:03]} b6 {[%emt 0:00:11]} 7. Bd3 {[%emt 0:00:13]} Bb7 {[%emt 0:00:25]} 8. Nf3 {[%emt 0:00:13]} Nbd7 {[%emt 0:00:20]} 9. Qc2 {[%emt 0:00:07]} h6 {[%emt 0:00:11]} 10. Bf4 {[%emt 0:00:14]} c5 {[%emt 0:00:34]} 11. dxc5 {[%emt 0:00:12]} bxc5 {[%emt 0:00:39]} 12. O-O {[%emt 0:00:17]} O-O {[%emt 0:00:38]} 13. Rfd1 {[%emt 0:00:05]} Nh5 {[%emt 0:01:31]} 14. Bg3 {[%emt 0:00:11]} Nxg3 {[%emt 0:00:22]} 15. hxg3 {[%emt 0:00:02]} Nf6 {[%emt 0:00:21]} 16. Rac1 {[%emt 0:00:34]} Rc8 {[%emt 0:01:00]} 17. Bf5 {[%emt 0:00:03]} Rb8 {[%emt 0:00:28]} 18. b3 {[%emt 0:00:19]} Ba6 {[%emt 0:02:30]} 19. Ne2 {[%emt 0:02:49]} Bxe2 {[%emt 0:01:32]} 20. Qxe2 {[%emt 0:00:02]} Qd6 {[%emt 0:00:25]} 21. e4 {[%emt 0:00:44]} Qc6 {[%emt 0:02:00]} 22. e5 {[%emt 0:00:16]} Ne4 {[%emt 0:00:10]} 23. Bxe4 {[%emt 0:04:42]} dxe4 {[%emt 0:00:06]} 24. Nd2 {[%emt 0:00:02]} Rb4 {[%emt 0:00:59]} 25. Nc4 {[%emt 0:00:12]} f5 {[%emt 0:00:23]} 26. Rc2 {[%emt 0:00:56]} f4 {[%emt 0:00:15]} 27. gxf4 {[%emt 0:00:08]} Rxf4 {[%emt 0:00:07]} 28. Qd2 {[%emt 0:00:15]} Rg4 {[%emt 0:00:44]} 29. Qd7 {[%emt 0:00:18]} Qxd7 {[%emt 0:00:58]} 30. Rxd7 {[%emt 0:00:03]} Bh4 {[%emt 0:00:06]} 31. Rxa7 {[%emt 0:00:07]} Rb8 {[%emt 0:00:03]} 32. Ne3 {[%emt 0:01:23]} Rg5 {[%emt 0:00:05]} 33. g3 {[%emt 0:00:31]} Rf8 {[%emt 0:00:02]} 34. Kg2 {[%emt 0:01:04]} Rg6 {[%emt 0:00:03]} 35. Rxc5 {[%emt 0:00:18]} Bg5 {[%emt 0:00:02]} 36. Rcc7 {[%emt 0:00:35]} Bxe3 {[%emt 0:00:04]} 37. fxe3 {[%emt 0:00:02]} Rf3 {[%emt 0:00:02]} 38. e6 {[%emt 0:00:32]} Rfxg3+ {[%emt 0:00:05]} 39. Kh2 {[%emt 0:00:03]} Rg2+ {[%emt 0:00:02]} 40. Kh1 {[%emt 0:00:05]} Rg1+ {[%emt 0:00:01]} 41. Kh2 {[%emt 0:00:02]} R6g2+ {[%emt 0:00:02]} 42. Kh3 {[%emt 0:00:02]} Rg3+ {[%emt 0:00:01]} 43. Kh2 {[%emt 0:00:01]} R1g2+ {[%emt 0:00:03]} 44. Kh1 {[%emt 0:00:02]} Rg1+ {[%emt 0:00:01]} 45. Kh2 {[%emt 0:00:01]} R1g2+ {[%emt 0:00:01]} 46. Kh1 {[%emt 0:00:01]} Rg1+ {[%emt 0:00:02]} 47. Kh2 {[%emt 0:00:01]} 1/2-1/2

[Event "EWCCC Online Preliminary-C 2020"]
[Site "Online"]
[Date "2020.12.19"]
[Round "2.1"]
[White "Mihevc-Mohr, Narcisa"]
[Black "Moingt, Anne"]
[Result "0-1"]
[WhiteElo "1974"]
[BlackElo "2076"]
[Annotator "NA"]
[PlyCount "98"]
[EventDate "2020.12.19"]
[EventType "team-tourn"]
[EventCountry "NET"]
[SourceTitle "playchess.com"]
[Source "ChessBase"]
[SourceQuality "1"]
[TimeControl "900+5"]

1. e4 {[%emt 0:00:00]} c5 {[%emt 0:00:03]} 2. Nf3 {[%emt 0:00:07]} d6 {[%emt 0:00:04]} 3. d4 {[%emt 0:00:04]} cxd4 {[%emt 0:00:02]} 4. Nxd4 {[%emt 0:00:03]} Nf6 {[%emt 0:00:01]} 5. Nc3 {[%emt 0:00:08]} e6 {[%emt 0:00:02]} 6. g3 {[%emt 0:00:08]} Nc6 {[%emt 0:00:52]} 7. Bg2 {[%emt 0:00:06]} Bd7 {[%emt 0:00:02]} 8. O-O {[%emt 0:00:35]} Be7 {[%emt 0:00:09]} 9. Nb3 {[%emt 0:00:23]} O-O {[%emt 0:00:21]} 10. Be3 {[%emt 0:02:17]} Ne5 {[%emt 0:00:33]} 11. Qe2 {[%emt 0:00:29]} Qc7 {[%emt 0:00:12]} 12. Rad1 {[%emt 0:00:24]} Nc4 {[%emt 0:00:19]} 13. Bc1 {[%emt 0:00:12]} Rac8 {[%emt 0:00:06]} 14. g4 {[%emt 0:00:25]} h6 {[%emt 0:01:52]} 15. f4 {[%emt 0:01:40]} Nh7 {[%emt 0:00:57]} 16. Kh1 {[%emt 0:00:16]} b5 {[%emt 0:00:04]} 17. Qf3 {[%emt 0:04:54]} b4 {[%emt 0:00:10]} 18. Ne2 {[%emt 0:00:04]} Bc6 {[%emt 0:00:03]} 19. Ned4 {[%emt 0:00:13]} Ba8 {[%emt 0:00:08]} 20. Qh3 {[%emt 0:00:43]} a5 {[%emt 0:01:01]} 21. Nf3 {[%emt 0:00:40]} Bxe4 {[%emt 0:00:14]} 22. Nbd4 {[%emt 0:00:37]} Qc5 {[%emt 0:01:25]} 23. g5 {[%emt 0:00:19]} hxg5 {[%emt 0:00:13]} 24. Nxe6 {[%emt 0:00:05]} Bf5 {[%emt 0:01:52]} 25. Nxc5 {[%emt 0:00:13]} Bxh3 {[%emt 0:00:04]} 26. Bxh3 {[%emt 0:00:08]} Rxc5 {[%emt 0:00:02]} 27. fxg5 {[%emt 0:00:10]} Nxg5 {[%emt 0:00:07]} 28. Nxg5 {[%emt 0:00:25]} Bxg5 {[%emt 0:00:02]} 29. Bxg5 {[%emt 0:00:21]} Rxg5 {[%emt 0:00:03]} 30. Rd4 {[%emt 0:00:17]} Nxb2 {[%emt 0:00:25]} 31. Rxd6 {[%emt 0:00:10]} Nc4 {[%emt 0:00:13]} 32. Rd7 {[%emt 0:00:17]} Ne5 {[%emt 0:00:41]} 33. Re7 {[%emt 0:00:06]} Rd8 {[%emt 0:00:37]} 34. Ra7 {[%emt 0:00:14]} Rd2 {[%emt 0:00:24]} 35. Re7 {[%emt 0:00:27]} f6 {[%emt 0:00:22]} 36. Re8+ {[%emt 0:00:12]} Kf7 {[%emt 0:00:09]} 37. Rb8 {[%emt 0:00:02]} Rh5 {[%emt 0:01:12]} 38. Rb7+ {[%emt 0:00:02]} Kf8 {[%emt 0:00:14]} 39. Bg2 {[%emt 0:00:02]} Ng4 {[%emt 0:00:36]} 40. h3 {[%emt 0:00:16]} Rxg2 {[%emt 0:00:19]} 41. Kxg2 {[%emt 0:00:03]} Ne3+ {[%emt 0:00:01]} 42. Kf2 {[%emt 0:00:01]} Nxf1 {[%emt 0:00:02]} 43. Kxf1 {[%emt 0:00:02]} Rxh3 {[%emt 0:00:01]} 44. Rb5 {[%emt 0:00:01]} Ra3 {[%emt 0:00:06]} 45. Ke1 {[%emt 0:00:18]} Rxa2 {[%emt 0:00:02]} 46. Kd1 {[%emt 0:00:02]} Kf7 {[%emt 0:00:07]} 47. Kc1 {[%emt 0:00:01]} g5 {[%emt 0:00:03]} 48. Kb1 {[%emt 0:00:04]} Ra3 {[%emt 0:00:01]} 49. Kb2 {[%emt 0:00:06]} Kg6 {[%emt 0:00:04]} 0-1

[Event "EWCCC Online Preliminary-C 2020"]
[Site "Online"]
[Date "2020.12.19"]
[Round "2.2"]
[White "Toma, Katarzyna"]
[Black "De Seroux, Camille"]
[Result "1-0"]
[WhiteElo "2289"]
[BlackElo "2137"]
[Annotator "TA"]
[PlyCount "95"]
[EventDate "2020.12.19"]
[EventType "team-tourn"]
[EventCountry "NET"]
[SourceTitle "playchess.com"]
[Source "ChessBase"]
[SourceQuality "1"]

{[%evp 11,95,12,20,11,27,20,16,21,21,18,32,22,41,27,23,37,31,31,28,30,43,46,39,0,43,35,58,54,82,90,122,118,336,319,308,326,325,303,333,297,326,333,546,522,495,466,693,684,667,651,607,325,439,416,433,437,623,581,821,821,810,804,812,809,5377,2846,29976,29977,29977,29978,29979,29980,29980,29981,29980,29981,29983,29984,29983,29984,29984,29985,29985,29984,29983,29983]} 1. e4 c5 2. Nf3 d6 3. d4 cxd4 4. Qxd4 Nc6 5. Bb5 Bd7 6. Qd3 Nf6 {6...g6 gains popularity.} 7. c4 {B53: Sicilian: 2...d6: Lines with Qxd4.} a6 8. Bxc6 Bxc6 9. Nc3 {The position is equal.} g6 10. O-O Bg7 11. Nd4 O-O 12. h3 Nd7 13. Be3 Rc8 14. Rac1 Nc5 15. Qb1 Ne6 16. Nxe6 fxe6 17. Rfd1 {[#]} Qe8 $146 ({Predecessor:} 17... Qa5 18. f3 Qh5 19. Qd3 Be5 20. b4 b5 21. cxb5 axb5 22. Ne2 Bd7 23. a3 Qh4 24. Bf2 Qg5 25. Be3 Qh4 26. Bf2 {½-½ (26) Karjakin,S (2760)-Nepomniachtchi,I (2729) Riadh 2017}) 18. b4 b5 19. c5 $1 Be5 20. Ne2 g5 21. Nd4 Qf7 $2 {A mistake that costs the game.} (21... Bxd4 $16 {was called for.} 22. Rxd4 Qg6) 22. cxd6 $18 Bxd4 23. Rxd4 exd6 24. Rxd6 Bb7 25. Rcd1 {[#] Rd7 is the strong threat.} Qg6 26. f3 Bc6 $2 (26... h6 27. Bc5 Rce8) 27. Qb3 Rfe8 28. Bd4 h5 (28... Qf7 $142 29. Be5 h6) 29. Bb2 g4 30. hxg4 hxg4 31. Kf2 g3+ 32. Ke3 {[#] Black must now prevent Rh1.} Bxe4 33. fxe4 Qg5+ (33... Rc4 $142 34. R6d4 Qg5+ 35. Ke2 Rf8) 34. Ke2 Qg4+ 35. Qf3 Rc2+ 36. R1d2 Rxd2+ 37. Rxd2 Qg6 38. Rd7 Rf8 39. Rg7+ {White mates.} Qxg7 40. Bxg7 Rxf3 41. Kxf3 Kxg7 42. Kxg3 {[%mdl 4096] Endgame KP-KP} Kf6 43. Kf4 e5+ 44. Kg4 Kg6 45. g3 Kf6 46. Kh5 Kg7 47. Kg5 Kf7 48. Kf5 {Weighted Error Value: White=0.10/Black=0.42} 1-0

[Event "EWCCC Online Preliminary-C 2020"]
[Site "Online"]
[Date "2020.12.19"]
[Round "2.2"]
[White "Hakimifard, Ghazal"]
[Black "Houska, Jovanka"]
[Result "1-0"]
[WhiteElo "2265"]
[BlackElo "2381"]
[Annotator "TA"]
[PlyCount "83"]
[EventDate "2020.12.19"]
[EventType "team-tourn"]
[EventCountry "NET"]
[SourceTitle "playchess.com"]
[Source "ChessBase"]
[SourceQuality "1"]

{[%evp 20,83,0,0,0,0,0,-2,0,0,0,-7,-10,-11,17,-18,0,-24,-9,-34,-27,-21,-37,-40,308,308,294,308,343,328,357,343,352,328,327,288,358,353,511,500,506,505,575,569,691,700,673,701,691,684,675,668,2139,2045,1566,1480,1199,1086,1709,1518,29987,29988,29991,29992,29996,29997]} 1. e4 c6 2. d4 d5 3. Nd2 dxe4 4. Nxe4 Bf5 5. Ng3 Bg6 6. h4 h6 7. Nf3 Nd7 8. h5 Bh7 9. Bd3 Bxd3 10. Qxd3 e6 11. Bf4 Qa5+ {B19: Classical Caro-Kann: 4...Bf5 main line.} 12. Bd2 Bb4 13. c3 Be7 {The position is equal.} 14. c4 Qa6 15. Bc3 {White wants to play d5.} Ngf6 16. O-O {[#]} b5 $146 ({Predecessor:} 16... O-O 17. Ne5 Rfd8 18. Qf3 Nxe5 19. dxe5 Ne8 20. Qg4 b5 21. cxb5 cxb5 22. a3 Qb6 23. Kh1 Nc7 {1-0 (66) Hoang,V (1747)-Nguyen Hoang Viet,H (1796) Ho Chi Minh City 2014}) 17. b3 bxc4 18. bxc4 O-O 19. Ne5 Rfd8 {And now ...Nxe5 would win.} 20. Qe2 Nxe5 21. dxe5 Nd5 $2 {[%mdl 8192] Black cannot hold the game after this.} (21... Nd7 $15 {keeps the upper hand.}) 22. cxd5 $18 {[%mdl 64] [#] Discovered Attack} Qxe2 23. Nxe2 {Hoping for d6.} exd5 24. Nd4 Rac8 25. Ba5 Rd7 26. Nf5 Bf8 27. Rac1 c5 28. Rfd1 Rb8 {[#]} (28... Re8 {was worth a try.} 29. f4 d4) 29. Nd6 $1 f6 (29... Bxd6 30. Rxd5) 30. Rxc5 d4 {and the idea ...fxe5 leaves Black hopeful.} 31. Rc7 Rxc7 32. Bxc7 Rb2 33. exf6 gxf6 34. Rxd4 Rxa2 35. Rg4+ Kh7 36. Ne8 Kh8 37. Nxf6 {[%csl Gf6][%cal Rg4g8]} Bg7 38. Be5 Re2 39. f4 a5 40. Nd7 {White mates.} Bxe5 41. fxe5 a4 42. Nf6 {Weighted Error Value: White=0.07/Black=0.54} 1-0

[Event "EWCCC Online Preliminary-C 2020"]
[Site "Online"]
[Date "2020.12.19"]
[Round "2.2"]
[White "Thode, Gilda"]
[Black "Kalaiyalahan, Akshaya"]
[Result "1/2-1/2"]
[WhiteElo "1987"]
[BlackElo "2149"]
[Annotator "NA"]
[PlyCount "72"]
[EventDate "2020.12.19"]
[EventType "team-tourn"]
[EventCountry "NET"]
[SourceTitle "playchess.com"]
[Source "ChessBase"]
[SourceQuality "1"]
[TimeControl "900+5"]

1. d4 {[%emt 0:00:00]} Nf6 {[%emt 0:00:03]} 2. Nf3 {[%emt 0:00:11]} g6 {[%emt 0:00:03]} 3. Bg5 {[%emt 0:00:15]} Bg7 {[%emt 0:00:02]} 4. Nbd2 {[%emt 0:00:04]} O-O {[%emt 0:00:05]} 5. e4 {[%emt 0:00:14]} d5 {[%emt 0:00:11]} 6. e5 {[%emt 0:00:03]} Ne4 {[%emt 0:01:51]} 7. Bh4 {[%emt 0:00:41]} c5 {[%emt 0:01:07]} 8. c3 {[%emt 0:00:05]} Nc6 {[%emt 0:00:37]} 9. Bb5 {[%emt 0:01:58]} Nxd2 {[%emt 0:01:43]} 10. Qxd2 {[%emt 0:00:08]} Bg4 {[%emt 0:00:35]} 11. Bxc6 {[%emt 0:03:27]} bxc6 {[%emt 0:00:03]} 12. Qf4 {[%emt 0:00:23]} Bxf3 {[%emt 0:00:28]} 13. Qxf3 {[%emt 0:00:03]} Qb6 {[%emt 0:01:36]} 14. Bxe7 {[%emt 0:00:33]} Qxb2 {[%emt 0:00:07]} 15. O-O {[%emt 0:00:05]} cxd4 {[%emt 0:00:42]} 16. cxd4 {[%emt 0:00:42]} Rfb8 {[%emt 0:01:59]} 17. Qe3 {[%emt 0:01:45]} Rb5 {[%emt 0:02:39]} 18. Ba3 {[%emt 0:00:12]} Qc2 {[%emt 0:00:21]} 19. Rac1 {[%emt 0:01:01]} Qxa2 {[%emt 0:00:13]} 20. Rxc6 {[%emt 0:01:35]} Rb3 {[%emt 0:00:18]} 21. Rc3 {[%emt 0:00:02]} Rab8 {[%emt 0:01:00]} 22. Bd6 {[%emt 0:00:30]} Rxc3 {[%emt 0:00:11]} 23. Qxc3 {[%emt 0:00:05]} Rd8 {[%emt 0:00:34]} 24. Ra1 {[%emt 0:00:27]} Qe2 {[%emt 0:00:03]} 25. h3 {[%emt 0:00:24]} h5 {[%emt 0:00:17]} 26. Rxa7 {[%emt 0:00:21]} Qd1+ {[%emt 0:00:02]} 27. Kh2 {[%emt 0:00:03]} Rxd6 {[%emt 0:00:11]} 28. Qc8+ {[%emt 0:01:12]} Kh7 {[%emt 0:00:05]} 29. exd6 {[%emt 0:00:15]} Qxd4 {[%emt 0:00:05]} 30. Rxf7 {[%emt 0:00:28]} Qe5+ {[%emt 0:00:04]} 31. g3 {[%emt 0:00:07]} Qxd6 {[%emt 0:00:03]} 32. Qb7 {[%emt 0:00:06]} Qe5 {[%emt 0:00:03]} 33. Re7 {[%emt 0:00:10]} Qf6 {[%emt 0:00:02]} 34. Rf7 {[%emt 0:00:01]} Qe5 {[%emt 0:00:02]} 35. Re7 {[%emt 0:00:05]} Qf6 {[%emt 0:00:01]} 36. Rf7 {[%emt 0:00:09]} Qe5 {[%emt 0:00:02]} 1/2-1/2

[Event "EWCCC Online Preliminary-C 2020"]
[Site "Online"]
[Date "2020.12.19"]
[Round "2.2"]
[White "Jaufarally, Nadia"]
[Black "Kurapova, Olga"]
[Result "1-0"]
[WhiteElo "1905"]
[BlackElo "1927"]
[Annotator "NA"]
[PlyCount "81"]
[EventDate "2020.12.19"]
[EventType "team-tourn"]
[EventCountry "NET"]
[SourceTitle "playchess.com"]
[Source "ChessBase"]
[SourceQuality "1"]
[TimeControl "900+5"]

1. e4 {[%emt 0:00:00]} e5 {[%emt 0:00:04]} 2. Nf3 {[%emt 0:00:02]} Nc6 {[%emt 0:00:03]} 3. Bc4 {[%emt 0:00:04]} Bc5 {[%emt 0:00:03]} 4. d3 {[%emt 0:00:03]} Nf6 {[%emt 0:00:04]} 5. c3 {[%emt 0:00:02]} a6 {[%emt 0:00:04]} 6. Bb3 {[%emt 0:00:02]} d6 {[%emt 0:00:06]} 7. h3 {[%emt 0:00:03]} h6 {[%emt 0:00:07]} 8. O-O {[%emt 0:00:04]} O-O {[%emt 0:00:04]} 9. Re1 {[%emt 0:00:39]} Re8 {[%emt 0:00:03]} 10. Nbd2 {[%emt 0:00:07]} Be6 {[%emt 0:00:31]} 11. Bc2 {[%emt 0:01:34]} d5 {[%emt 0:00:30]} 12. exd5 {[%emt 0:00:24]} Bxd5 {[%emt 0:00:06]} 13. Ne4 {[%emt 0:03:36]} Nxe4 {[%emt 0:00:11]} 14. dxe4 {[%emt 0:00:02]} Be6 {[%emt 0:00:07]} 15. Qe2 {[%emt 0:01:00]} Qe7 {[%emt 0:01:01]} 16. Nh2 {[%emt 0:02:06]} Qf6 {[%emt 0:00:43]} 17. Be3 {[%emt 0:00:19]} Bxe3 {[%emt 0:00:30]} 18. Qxe3 {[%emt 0:00:04]} Rad8 {[%emt 0:00:48]} 19. b3 {[%emt 0:00:17]} g5 {[%emt 0:01:01]} 20. Bd1 {[%emt 0:00:37]} Qg6 {[%emt 0:00:13]} 21. Bg4 {[%emt 0:01:01]} h5 {[%emt 0:00:32]} 22. Bxe6 {[%emt 0:00:32]} Rxe6 {[%emt 0:00:08]} 23. Nf1 {[%emt 0:00:50]} Red6 {[%emt 0:00:09]} 24. Ng3 {[%emt 0:00:56]} Rd3 {[%emt 0:00:43]} 25. Qc5 {[%emt 0:00:03]} b6 {[%emt 0:00:52]} 26. Qc4 {[%emt 0:00:04]} R8d7 {[%emt 0:02:55]} 27. Nf5 {[%emt 0:00:21]} Qf6 {[%emt 0:00:45]} 28. Ne3 {[%emt 0:01:59]} Na5 {[%emt 0:00:59]} 29. Qxa6 {[%emt 0:00:21]} Rd2 {[%emt 0:00:59]} 30. Re2 {[%emt 0:00:05]} Rxe2 {[%emt 0:00:36]} 31. Qxe2 {[%emt 0:00:02]} Qg6 {[%emt 0:00:16]} 32. Nd5 {[%emt 0:00:09]} Nc6 {[%emt 0:00:15]} 33. Rd1 {[%emt 0:00:02]} Kg7 {[%emt 0:00:30]} 34. f3 {[%emt 0:00:07]} f6 {[%emt 0:00:14]} 35. Ne3 {[%emt 0:00:04]} Rxd1+ {[%emt 0:00:21]} 36. Qxd1 {[%emt 0:00:02]} Qf7 {[%emt 0:00:02]} 37. Qd5 {[%emt 0:00:04]} Qe8 {[%emt 0:00:31]} 38. Nf5+ {[%emt 0:00:07]} Kg6 {[%emt 0:00:14]} 39. Qxc6 {[%emt 0:00:08]} Qd8 {[%emt 0:00:35]} 40. Kh2 {[%emt 0:00:03]} Kf7 {[%emt 0:00:13]} 41. Qd5+ {[%emt 0:00:05]} 1-0

[Event "EWCCC Online Preliminary-C 2020"]
[Site "Online"]
[Date "2020.12.19"]
[Round "2.3"]
[White "Babiy, Olga"]
[Black "Thorsteinsdottir, Hallgerdur"]
[Result "0-1"]
[WhiteElo "2271"]
[BlackElo "2009"]
[Annotator "TA"]
[PlyCount "74"]
[EventDate "2020.12.19"]
[EventType "team-tourn"]
[EventCountry "NET"]
[SourceTitle "playchess.com"]
[Source "ChessBase"]
[SourceQuality "1"]

{[%evp 12,74,52,37,47,46,40,33,29,29,32,27,39,31,40,27,28,27,34,6,45,51,39,27,41,22,20,10,13,16,24,-6,2,-49,-54,-38,-48,-63,-76,-55,-59,-66,-40,-77,-78,-91,-66,-73,-66,-139,-129,-200,-193,-192,-176,-639,-635,-575,-571,-989,-989,-982,-964,-2345,-1785]} 1. e4 c6 2. Nc3 d5 3. Nf3 Bg4 4. h3 Bxf3 5. Qxf3 dxe4 6. Nxe4 e6 7. c3 Nd7 {B11: Caro-Kann: Two Knights Variation.} 8. d4 Ngf6 9. Bd3 Nxe4 {White is slightly better.} 10. Bxe4 Nf6 11. Bc2 Qd5 12. Qxd5 cxd5 13. Ba4+ Nd7 14. Bf4 {[#]} a6 $146 ({Predecessor:} 14... O-O-O 15. Bb5 Nf6 16. O-O Bd6 17. Be5 a6 18. Ba4 Bxe5 19. dxe5 Nd7 20. Rfe1 Kc7 {½-½ (42) Jarmula,L (2504)-Schitco,I (2358) Manavgat 2018}) 15. O-O b5 16. Bc2 Be7 17. Bd3 O-O 18. Rfe1 Rfc8 19. a3 Nb6 20. Re2 Nc4 21. Rae1 a5 22. Bc1 (22. Ra1 $11) 22... b4 $15 23. axb4 axb4 24. f4 bxc3 25. bxc3 Bh4 26. Rf1 g6 (26... Nd6 $5 {[%cal Rc8c3]} 27. Rc2 Bf6 $15) 27. Kh2 Ra1 28. g3 Be7 29. Ref2 Bd8 30. g4 {[#]} (30. Bxc4 $15 Rxc4 31. Bb2) 30... Ba5 $1 $17 31. f5 (31. Bb2 $17 Rxf1 32. Bxf1) 31... Bxc3 $19 32. fxg6 fxg6 33. Rf6 $2 (33. Bxc4 dxc4 34. Be3) 33... Bxd4 {Black is clearly winning.} 34. Rxe6 Ne5 35. Be3 Rxf1 36. Bxf1 Bxe3 37. Rxe5 Bf4+ {[%mdl 64] Double Attack. Accuracy: White = 57%, Black = 86%.} 0-1

[Event "EWCCC Online Preliminary-C 2020"]
[Site "Online"]
[Date "2020.12.19"]
[Round "2.3"]
[White "Schoene, Maria"]
[Black "Gretarsdottir, Lilja"]
[Result "1-0"]
[WhiteElo "2204"]
[BlackElo "1984"]
[Annotator "NA"]
[PlyCount "73"]
[EventDate "2020.12.19"]
[EventType "team-tourn"]
[EventCountry "NET"]
[SourceTitle "playchess.com"]
[Source "ChessBase"]
[SourceQuality "1"]
[TimeControl "900+5"]

1. e4 {[%emt 0:00:00]} c5 {[%emt 0:00:04]} 2. Nf3 {[%emt 0:00:03]} d6 {[%emt 0:00:03]} 3. d4 {[%emt 0:00:02]} cxd4 {[%emt 0:00:02]} 4. Nxd4 {[%emt 0:00:01]} Nf6 {[%emt 0:00:02]} 5. Nc3 {[%emt 0:00:01]} e6 {[%emt 0:00:03]} 6. g4 {[%emt 0:00:04]} Be7 {[%emt 0:00:33]} 7. g5 {[%emt 0:00:13]} Nfd7 {[%emt 0:00:19]} 8. h4 {[%emt 0:00:04]} a6 {[%emt 0:00:14]} 9. Be3 {[%emt 0:00:08]} b5 {[%emt 0:00:41]} 10. a3 {[%emt 0:00:04]} Bb7 {[%emt 0:00:03]} 11. Qe2 {[%emt 0:00:52]} Nc6 {[%emt 0:01:10]} 12. Nxc6 {[%emt 0:00:55]} Bxc6 {[%emt 0:00:03]} 13. O-O-O {[%emt 0:00:02]} Rc8 {[%emt 0:00:12]} 14. f4 {[%emt 0:00:14]} Qa5 {[%emt 0:00:58]} 15. Bg2 {[%emt 0:00:30]} b4 {[%emt 0:00:51]} 16. axb4 {[%emt 0:00:11]} Qa1+ {[%emt 0:03:43]} 17. Nb1 {[%emt 0:00:13]} Bb5 {[%emt 0:00:05]} 18. Qg4 {[%emt 0:01:10]} Qa4 {[%emt 0:01:28]} 19. Rd2 {[%emt 0:02:14]} Qxb4 {[%emt 0:01:23]} 20. h5 {[%emt 0:00:28]} Nc5 {[%emt 0:00:55]} 21. Bxc5 {[%emt 0:00:28]} Rxc5 {[%emt 0:00:05]} 22. Rh3 {[%emt 0:02:09]} a5 {[%emt 0:01:39]} 23. g6 {[%emt 0:00:16]} Bf6 {[%emt 0:00:26]} 24. c3 {[%emt 0:00:52]} Qa4 {[%emt 0:00:23]} 25. Rxd6 {[%emt 0:00:30]} hxg6 {[%emt 0:01:30]} 26. hxg6 {[%emt 0:00:07]} Rxh3 {[%emt 0:00:03]} 27. gxf7+ {[%emt 0:00:15]} Kxf7 {[%emt 0:00:09]} 28. Qxe6+ {[%emt 0:00:32]} Kf8 {[%emt 0:00:03]} 29. Qxh3 {[%emt 0:00:51]} Bc4 {[%emt 0:00:06]} 30. e5 {[%emt 0:01:01]} Be7 {[%emt 0:00:02]} 31. Rd4 {[%emt 0:00:15]} Qb3 {[%emt 0:00:05]} 32. Be4 {[%emt 0:00:40]} a4 {[%emt 0:00:08]} 33. Qh8+ {[%emt 0:00:25]} Kf7 {[%emt 0:00:05]} 34. Rd7 {[%emt 0:00:21]} Be2 {[%emt 0:00:04]} 35. Qh4 {[%emt 0:01:29]} Rb5 {[%emt 0:00:06]} 36. Qxe7+ {[%emt 0:00:08]} Kg8 {[%emt 0:00:03]} 37. Qxg7# {[%emt 0:00:01]} 1-0